Statistics for US National Parks Decoder

Click here to take the quiz!

General Stats

  • This quiz has been taken 61 times
  • The average score is 14 of 23

Answer Stats

HintAnswer% Correct
EFlorida's 'River of Grass'Everglades
98%
ASmallest (and worst) National Park: Gateway ____Arch
89%
TFirst name of the only president for whom a national park is namedTheodore
85%
GWord that comes before 'canyon' or 'teton'Grand
83%
AMaine-to-Georgia trailAppalachian
76%
ELake the Cuyahoga Valley flows intoErie
72%
NLargest native reservation along the Grand CanyonNavajo
72%
AAnsel _____ was a landscape photographerAdams
69%
ROil baron and conservation philanthropistRockefeller
67%
TThe first national monument: Devil's _____Tower
67%
CDeepest lake in the USCrater
63%
HIsland park that Haleakala broke away from in 1961Hawaii
63%
IThe NPS is part of the Department of the ________Interior
63%
NNPS site in the heart of DC: ________ MallNational
61%
IOnly national park on Lake Michigan: _______ DunesIndiana
59%
MCity known as the 'Gateway to Arches National Park'Moab
54%
STree on the NPS logoSequoia
50%
OPresident who designated the most national monumentsObama
48%
The Mountains are Calling
37%
UTribe which manages a park adjacent to Mesa VerdeUte
35%
NHistoric trail from Nashville, Tennessee to _______, MississippiNatchez
30%
LApostle Islands, Sleeping Bear Dunes, and Pictured Rocks are National _________Lakeshores
26%
LHighest mountain in Rocky Mountain National ParkLongs
19%

Score Distribution

Percentile by Number Answered

Percent of People with Each Score

Your Score History

You have not taken this quiz